01495cam a2200337 a 4500001001400000003000800014005001700022006001900039007001500058008004100073020003800114040003000152049002600182050002200208082001700230100003100247245010900278260002700387300003700414504005100451520036300502521001700865588004700882650002100929655002900950710001600979776003500995856009201030942001601122999001901138EDZ0000063803StDuBDS20161031105127.0m||||||||d||||||||cr |||||||||||120326s1995 enk fo| 001|0|eng d a9781446222140 (ebook) :cNo price aStDuBDSbengcStDuBDSepn aAlfaisal Main Library 0aHQ1190b.E89 199504a305.42012231 aEvans, Judithq(Judith A.)10aFeminist theory todayh[electronic resource] :ban introduction to second-wave feminism /cJudith Evans. aLondon :bSAGE,c1995. a1 online resource ([vi], 183 p.) aIncludes bibliographical references and index.8 aCovering all the major variants of feminist political thought, this text offers an examination of the archive of modern feminist theory from the publication of 'The Feminine Mystique' in 1963 to current postmodernist and legal feminist texts. It provides both an intellectual history and a political critique of contemporary feminism in the US and in the UK. aSpecialized. aDescription based on print version record. 0aFeminist theory. 7aElectronic books.2local2 aSage eBooks08iPrint version :z978080398479040uhttp://ezproxy.alfaisal.edu/login?url=http://sk.sagepub.com/books/feminist-theory-today 2lcccEBOOKS c479882d479882